Представление документа в формате RUSMARC

Поле Инд. ПП Название Значение
Тип записи a
Библиографический уровень a
001 _ Контрольный номер RU/REP/BASE/00005497
005 _ Дата корректировки 20181120165520.2
200 a Заглавие Выселение из служебных жилых помещений
f Первые сведения об ответственности Фомина Н.
210 d Дата издания 2015
461 _0 1 001RU/REP/BASE/00004849
1 2001
a Жилищное право
463 1 20002
a № 11
v С. 71-80
1 210
d 2015
610 a Ключевые слова ЖИЛИЩНОЕ ПРАВО РФ, ПРАВООХРАНИТЕЛЬНЫЕ ОРГАНЫ, ПРОКУРАТУРА, ДОГОВОР СОЦИАЛЬНОГО НАЙМА ЖИЛЬЯ, ЖИЛИЩНЫЕ СПОРЫ, ЖИЛЫЕ ПОМЕЩЕНИЯ
700 _1 a Фамилия Фомина
b Имя Н.
901 t Тип документа b